[Event "DVM U16w 2023"]
[Site "Magdeburg GER"]
[Date "2023.12.29"]
[Round "5"]
[White "Müller, Ariana"]
[Black "Achilles, Rosa"]
[Result "0-1"]
[Termination "normal"]
[Board "4.4"]
[WhiteElo "1254"]
[BlackElo "1190"]
[WhiteClock "00:02:30"]
[BlackClock "00:55:05"]
[WhiteTeam "SSV Altenberg"]
[BlackTeam "SchachAkademiePaderborn"]
[PlyCount "134"]
[WhiteFideId "34615024"]
[BlackFideId "34630066"]
[EventCountry "GER"]
[EventRounds "7"]
[EventType "team-swiss"]
[EventDate "2023.12.26"]

1. e4 {[%clk 01:30:58]} {[%emt 00:00:02]} e6 {[%clk 01:30:46]} {[%emt
00:00:14]} 2. d4 {[%clk 01:31:23]} {[%emt 00:00:06]} d5 {[%clk 01:31:00]}
{[%emt 00:00:16]} 3. Nc3 {[%clk 01:31:46]} {[%emt 00:00:07]} Ne7 {[%clk
01:30:34]} {[%emt 00:00:56]} 4. Nce2 {[%clk 01:31:29]} {[%emt 00:00:47]} c5
{[%clk 01:29:50]} {[%emt 00:01:14]} 5. c3 {[%clk 01:31:43]} {[%emt 00:00:16]}
Qb6 {[%clk 01:29:30]} {[%emt 00:00:50]} 6. e5 {[%clk 01:29:06]} {[%emt
00:03:07]} Nbc6 {[%clk 01:28:58]} {[%emt 00:01:03]} 7. f4 {[%clk 01:28:37]}
{[%emt 00:00:58]} cxd4 {[%clk 01:28:58]} {[%emt 00:00:29]} 8. cxd4 {[%clk
01:28:00]} {[%emt 00:01:07]} Nf5 {[%clk 01:28:42]} {[%emt 00:00:47]} 9. Nf3
{[%clk 01:25:18]} {[%emt 00:03:12]} Qb4+ {[%clk 01:28:14]} {[%emt 00:00:56]}
10. Qd2 {[%clk 01:19:50]} {[%emt 00:05:59]} Qxd2+ {[%clk 01:28:20]} {[%emt
00:00:25]} 11. Bxd2 {[%clk 01:20:13]} {[%emt 00:00:07]} Bb4 {[%clk 01:28:18]}
{[%emt 00:00:31]} 12. Bxb4 {[%clk 01:19:54]} {[%emt 00:00:49]} Nxb4 {[%clk
01:28:39]} {[%emt 00:00:10]} 13. Kd2 {[%clk 01:13:13]} {[%emt 00:07:10]} O-O
{[%clk 01:27:55]} {[%emt 00:01:14]} 14. g4 {[%clk 01:12:08]} {[%emt 00:01:36]}
Ne7 {[%clk 01:26:55]} {[%emt 00:01:29]} 15. a3 {[%clk 01:11:05]} {[%emt
00:01:33]} Nbc6 {[%clk 01:26:52]} {[%emt 00:00:33]} 16. h4 {[%clk 01:09:08]}
{[%emt 00:02:27]} f6 {[%clk 01:26:35]} {[%emt 00:00:48]} 17. h5 {[%clk
01:05:57]} {[%emt 00:03:41]} Bd7 {[%clk 01:25:11]} {[%emt 00:01:54]} 18. g5
{[%clk 01:05:00]} {[%emt 00:01:26]} fxe5 {[%clk 01:22:55]} {[%emt 00:02:45]}
19. dxe5 {[%clk 01:03:14]} {[%emt 00:02:18]} Rad8 {[%clk 01:18:18]} {[%emt
00:05:06]} 20. h6 {[%clk 01:02:15]} {[%emt 00:01:29]} g6 {[%clk 01:18:24]}
{[%emt 00:00:25]} 21. Bh3 {[%clk 01:00:09]} {[%emt 00:02:36]} Nf5 {[%clk
01:17:27]} {[%emt 00:01:27]} 22. Rad1 {[%clk 00:54:06]} {[%emt 00:06:32]} a6
{[%clk 01:16:27]} {[%emt 00:01:31]} 23. Kc1 {[%clk 00:53:52]} {[%emt 00:00:43]}
Rc8 {[%clk 01:16:18]} {[%emt 00:00:39]} 24. Kb1 {[%clk 00:53:52]} {[%emt
00:00:31]} Rce8 {[%clk 01:16:27]} {[%emt 00:00:21]} 25. Rhf1 {[%clk 00:51:36]}
{[%emt 00:02:45]} Ne3 {[%clk 01:16:41]} {[%emt 00:00:17]} 26. Nh4 {[%clk
00:44:15]} {[%emt 00:07:50]} Nxd1 {[%clk 01:15:08]} {[%emt 00:02:04]} 27. Rxd1
{[%clk 00:44:33]} {[%emt 00:00:11]} Rc8 {[%clk 01:13:40]} {[%emt 00:01:58]} 28.
f5 {[%clk 00:41:42]} {[%emt 00:03:21]} exf5 {[%clk 01:11:50]} {[%emt 00:02:20]}
29. Rxd5 {[%clk 00:39:38]} {[%emt 00:02:34]} Be6 {[%clk 01:11:12]} {[%emt
00:01:08]} 30. Rd6 {[%clk 00:37:26]} {[%emt 00:02:42]} Bc4 {[%clk 01:11:01]}
{[%emt 00:00:41]} 31. Nf4 {[%clk 00:33:14]} {[%emt 00:04:42]} Nxe5 {[%clk
01:10:32]} {[%emt 00:01:00]} 32. Bg2 {[%clk 00:30:01]} {[%emt 00:03:42]} Rfd8
{[%clk 01:09:41]} {[%emt 00:01:19]} 33. Bd5+ {[%clk 00:23:33]} {[%emt
00:07:01]} Bxd5 {[%clk 01:08:46]} {[%emt 00:01:24]} 34. Rxd5 {[%clk 00:23:38]}
{[%emt 00:00:25]} Rxd5 {[%clk 01:08:57]} {[%emt 00:00:20]} 35. Nxd5 {[%clk
00:24:03]} {[%emt 00:00:05]} Kf7 {[%clk 01:08:54]} {[%emt 00:00:32]} 36. Nf6
{[%emt 00:02:19]} Rh8 {[%clk 01:08:27]} 37. Ng2 {[%clk 00:21:35]} {[%emt
00:02:06]} Nf3 {[%clk 01:08:06]} {[%emt 00:00:51]} 38. Ne3 {[%clk 00:19:56]}
{[%emt 00:02:10]} Nxg5 {[%clk 01:08:14]} {[%emt 00:00:22]} 39. Nfd5 {[%clk
00:19:20]} {[%emt 00:01:05]} Rc8 {[%clk 01:06:14]} {[%emt 00:02:31]} 40. Nb6
{[%clk 00:15:49]} {[%emt 00:04:00]} Rc6 {[%clk 01:05:09]} {[%emt 00:01:34]} 41.
Nbc4 {[%clk 00:15:17]} {[%emt 00:01:00]} Re6 {[%clk 01:04:48]} {[%emt
00:00:54]} 42. Nd5 {[%clk 00:14:40]} {[%emt 00:01:07]} Ne4 {[%clk 01:02:51]}
{[%emt 00:02:27]} 43. Nf4 {[%clk 00:10:34]} {[%emt 00:04:36]} Re8 {[%clk
00:59:10]} {[%emt 00:04:07]} 44. Nd5 {[%clk 00:08:59]} {[%emt 00:02:09]} Nd2+
{[%clk 00:56:43]} {[%emt 00:02:57]} 45. Nxd2 {[%clk 00:07:12]} {[%emt
00:02:18]} Rd8 {[%clk 00:57:02]} {[%emt 00:00:11]} 46. Nf3 {[%clk 00:06:47]}
{[%emt 00:00:54]} Rxd5 {[%clk 00:57:15]} {[%emt 00:00:17]} 47. Ng5+ {[%clk
00:05:48]} {[%emt 00:01:28]} Kg8 {[%clk 00:57:09]} {[%emt 00:00:38]} 48. Ne6
{[%clk 00:05:02]} {[%emt 00:01:15]} Re5 {[%clk 00:56:26]} {[%emt 00:01:13]} 49.
Nd8 {[%clk 00:04:51]} {[%emt 00:00:40]} f4 {[%clk 00:54:56]} {[%emt 00:02:00]}
50. Nxb7 {[%clk 00:03:09]} {[%emt 00:02:13]} f3 {[%clk 00:55:08]} {[%emt
00:00:19]} 51. Ka2 {[%clk 00:02:26]} {[%emt 00:01:13]} f2 {[%clk 00:55:19]}
{[%emt 00:00:18]} 52. Nd6 {[%clk 00:02:20]} {[%emt 00:00:36]} f1=Q {[%clk
00:55:13]} {[%emt 00:00:37]} 53. a4 {[%clk 00:02:03]} {[%emt 00:00:46]} Qf7+
{[%clk 00:54:34]} {[%emt 00:01:06]} 54. Nxf7 {[%clk 00:01:55]} {[%emt
00:00:41]} Kxf7 {[%clk 00:54:55]} {[%emt 00:00:10]} 55. Kb3 {[%clk 00:02:08]}
{[%emt 00:00:17]} g5 {[%clk 00:55:08]} {[%emt 00:00:17]} 56. Kc4 {[%clk
00:02:07]} {[%emt 00:00:29]} g4 {[%clk 00:55:19]} {[%emt 00:00:20]} 57. b4
{[%clk 00:02:07]} {[%emt 00:00:30]} g3 {[%clk 00:55:17]} {[%emt 00:00:32]} 58.
b5 {[%clk 00:02:16]} {[%emt 00:00:21]} axb5+ {[%clk 00:55:29]} {[%emt
00:00:18]} 59. axb5 {[%clk 00:02:34]} {[%emt 00:00:13]} g2 {[%clk 00:55:40]}
{[%emt 00:00:19]} 60. Kb4 {[%clk 00:02:39]} {[%emt 00:00:24]} g1=Q {[%clk
00:55:51]} {[%emt 00:00:20]} 61. Ka5 {[%clk 00:02:33]} {[%emt 00:00:35]} Qa7+
{[%clk 00:55:51]} {[%emt 00:00:29]} 62. Kb4 {[%clk 00:02:50]} {[%emt 00:00:14]}
Qc5+ {[%clk 00:55:59]} {[%emt 00:00:21]} 63. Kb3 {[%clk 00:02:41]} {[%emt
00:00:40]} Re3+ {[%clk 00:55:55]} {[%emt 00:00:34]} 64. Kb2 {[%clk 00:02:32]}
{[%emt 00:00:37]} Qa3+ {[%clk 00:55:14]} {[%emt 00:01:13]} 65. Kc2 {[%clk
00:02:02]} {[%emt 00:01:00]} Qa2+ {[%clk 00:55:29]} {[%emt 00:00:14]} 66. Kd1
{[%clk 00:02:25]} {[%emt 00:00:07]} Rh3 {[%clk 00:55:50]} {[%emt 00:00:09]} 67.
b6 {[%clk 00:02:30]} {[%emt 00:00:26]} Rh1# {[%clk 00:55:05]} {[%emt 00:00:08]}
0-1

[Event "DVM U16w 2023"]
[Site "Magdeburg GER"]
[Date "2023.12.29"]
[Round "5"]
[White "Wartenberg, Alissa"]
[Black "Dhanasekaran Meenambigai, Diya"]
[Result "1-0"]
[Termination "normal"]
[Board "5.1"]
[WhiteElo "1721"]
[BlackElo "1369"]
[WhiteClock "01:10:10"]
[BlackClock "00:18:31"]
[WhiteTeam "Hamburger SK 1830"]
[BlackTeam "SG Solingen"]
[PlyCount "67"]
[WhiteFideId "16280741"]
[BlackFideId "34611924"]
[EventCountry "GER"]
[EventRounds "7"]
[EventType "team-swiss"]
[EventDate "2023.12.26"]

1. e4 {[%clk 01:30:58]} c6 {[%clk 01:30:53]} {[%emt 00:00:08]} 2. d4 {[%clk
01:30:18]} {[%emt 00:01:10]} d5 {[%clk 01:31:11]} {[%emt 00:00:13]} 3. e5
{[%clk 01:29:35]} {[%emt 00:01:13]} Bf5 {[%clk 01:30:37]} {[%emt 00:01:03]} 4.
Ne2 {[%clk 01:29:19]} {[%emt 00:00:46]} e6 {[%clk 01:30:09]} {[%emt 00:00:58]}
5. Be3 {[%clk 01:29:20]} {[%emt 00:00:29]} Nd7 {[%clk 01:28:00]} {[%emt
00:02:38]} 6. Ng3 {[%clk 01:29:21]} {[%emt 00:00:30]} Bg6 {[%clk 01:27:59]}
{[%emt 00:00:30]} 7. Bd3 {[%clk 01:28:32]} {[%emt 00:01:20]} Bxd3 {[%clk
01:24:47]} {[%emt 00:03:41]} 8. Qxd3 {[%clk 01:28:19]} {[%emt 00:00:43]} c5
{[%clk 01:22:41]} {[%emt 00:02:36]} 9. c3 {[%clk 01:27:27]} {[%emt 00:01:21]}
Rc8 {[%clk 01:21:10]} {[%emt 00:02:00]} 10. O-O {[%clk 01:27:04]} {[%emt
00:00:54]} Ne7 {[%clk 01:20:54]} {[%emt 00:00:45]} 11. Nd2 {[%clk 01:25:01]}
{[%emt 00:02:33]} Ng6 {[%clk 01:16:39]} {[%emt 00:04:45]} 12. f4 {[%clk
01:19:59]} {[%emt 00:05:33]} f5 {[%clk 01:12:33]} {[%emt 00:04:36]} 13. exf6
{[%clk 01:18:26]} {[%emt 00:02:03]} Nxf6 {[%clk 01:12:19]} {[%emt 00:00:44]}
14. f5 {[%clk 01:18:34]} {[%emt 00:00:22]} exf5 {[%clk 01:09:42]} {[%emt
00:03:08]} 15. Nxf5 {[%clk 01:18:05]} {[%emt 00:00:59]} Ne7 {[%clk 01:04:29]}
{[%emt 00:05:41]} 16. dxc5 {[%clk 01:17:09]} {[%emt 00:01:26]} Nxf5 {[%clk
01:03:41]} {[%emt 00:01:19]} 17. Rxf5 {[%clk 01:17:01]} {[%emt 00:00:38]} Bxc5
{[%clk 01:02:22]} {[%emt 00:01:47]} 18. Bxc5 {[%clk 01:12:19]} {[%emt
00:05:12]} Kf7 {[%clk 00:52:07]} {[%emt 00:10:46]} 19. Bd4 {[%clk 01:12:22]}
{[%emt 00:00:26]} h6 {[%clk 00:46:08]} {[%emt 00:06:29]} 20. Raf1 {[%clk
01:11:56]} {[%emt 00:00:56]} Rc6 {[%clk 00:43:34]} {[%emt 00:03:03]} 21. Qf3
{[%clk 01:11:19]} {[%emt 00:01:07]} Rd6 {[%clk 00:42:22]} {[%emt 00:01:42]} 22.
Be5 {[%clk 01:09:46]} {[%emt 00:02:04]} Re6 {[%clk 00:40:21]} {[%emt 00:02:31]}
23. Nb3 {[%clk 01:08:51]} {[%emt 00:01:24]} b6 {[%clk 00:36:22]} {[%emt
00:04:28]} 24. Nd4 {[%clk 01:09:13]} {[%emt 00:00:09]} Rxe5 {[%clk 00:26:19]}
{[%emt 00:10:33]} 25. Rxe5 {[%clk 01:09:34]} {[%emt 00:00:09]} Kg8 {[%clk
00:25:54]} {[%emt 00:00:54]} 26. Ne6 {[%clk 01:08:53]} {[%emt 00:01:12]} Qe7
{[%clk 00:24:04]} {[%emt 00:02:20]} 27. Qf5 {[%clk 01:07:56]} {[%emt 00:01:26]}
a5 {[%clk 00:20:10]} {[%emt 00:04:24]} 28. Nxg7 {[%clk 01:07:48]} {[%emt
00:00:39]} Qxg7 {[%clk 00:19:55]} {[%emt 00:00:44]} 29. Qxf6 {[%clk 01:08:14]}
{[%emt 00:00:05]} Qxf6 {[%clk 00:19:06]} {[%emt 00:01:19]} 30. Rxf6 {[%clk
01:08:40]} {[%emt 00:00:04]} Kg7 {[%clk 00:19:23]} {[%emt 00:00:13]} 31. Rxb6
{[%clk 01:09:05]} {[%emt 00:00:06]} Rd8 {[%clk 00:18:56]} {[%emt 00:00:56]} 32.
Re7+ {[%clk 01:09:22]} {[%emt 00:00:14]} Kf8 {[%clk 00:18:47]} {[%emt
00:00:39]} 33. Ra7 {[%clk 01:09:46]} {[%emt 00:00:05]} Kg8 {[%clk 00:18:31]}
{[%emt 00:00:46]} 34. Rxh6 {[%clk 01:10:10]} {[%emt 00:00:06]} 1-0

[Event "DVM U16w 2023"]
[Site "Magdeburg GER"]
[Date "2023.12.29"]
[Round "5"]
[White "Malagatte, Samiksha"]
[Black "Modali, Nikhilamrutha"]
[Result "0-1"]
[Termination "normal"]
[Board "5.2"]
[WhiteElo "1321"]
[BlackElo "1281"]
[WhiteClock "00:12:54"]
[BlackClock "00:12:56"]
[WhiteTeam "SG Solingen"]
[BlackTeam "Hamburger SK 1830"]
[PlyCount "64"]
[WhiteFideId "34633790"]
[BlackFideId "16282370"]
[EventCountry "GER"]
[EventRounds "7"]
[EventType "team-swiss"]
[EventDate "2023.12.26"]

1. e4 {[%clk 01:30:58]} {[%emt 00:00:02]} c5 {[%clk 01:30:55]} {[%emt
00:00:05]} 2. Nf3 {[%clk 01:31:18]} {[%emt 00:00:09]} e6 {[%clk 01:31:20]}
{[%emt 00:00:06]} 3. d4 {[%clk 01:31:24]} {[%emt 00:00:23]} cxd4 {[%clk
01:31:41]} {[%emt 00:00:10]} 4. Nxd4 {[%clk 01:31:45]} {[%emt 00:00:09]} Nc6
{[%clk 01:32:06]} {[%emt 00:00:05]} 5. Nxc6 {[%clk 01:27:16]} {[%emt 00:04:59]}
bxc6 {[%clk 01:32:20]} {[%emt 00:00:16]} 6. Nc3 {[%clk 01:27:06]} {[%emt
00:00:40]} Nf6 {[%clk 01:24:19]} {[%emt 00:08:31]} 7. Bc4 {[%clk 01:19:48]}
{[%emt 00:07:46]} Bb4 {[%clk 01:22:04]} {[%emt 00:02:48]} 8. Bd3 {[%clk
01:15:10]} {[%emt 00:05:11]} d5 {[%clk 01:10:40]} {[%emt 00:11:51]} 9. exd5
{[%clk 01:07:02]} {[%emt 00:08:37]} cxd5 {[%clk 01:09:16]} {[%emt 00:01:54]}
10. O-O {[%clk 01:06:50]} {[%emt 00:00:41]} a5 {[%clk 01:02:52]} {[%emt
00:06:55]} 11. Nb5 {[%clk 01:05:55]} {[%emt 00:01:26]} Ba6 {[%clk 00:56:08]}
{[%emt 00:07:13]} 12. Bf4 {[%clk 01:02:47]} {[%emt 00:03:37]} O-O {[%clk
00:55:04]} {[%emt 00:01:35]} 13. Nc7 {[%clk 00:49:53]} {[%emt 00:13:24]} Bxd3
{[%clk 00:54:25]} {[%emt 00:01:09]} 14. Qxd3 {[%clk 00:48:24]} {[%emt
00:01:59]} Rc8 {[%clk 00:53:33]} {[%emt 00:01:23]} 15. Nb5 {[%clk 00:47:40]}
{[%emt 00:01:13]} Nh5 {[%clk 00:39:26]} {[%emt 00:14:37]} 16. Bd2 {[%clk
00:40:57]} {[%emt 00:07:14]} Qb6 {[%clk 00:29:13]} {[%emt 00:10:43]} 17. Bxb4
{[%clk 00:36:54]} {[%emt 00:04:33]} axb4 {[%clk 00:29:11]} {[%emt 00:00:31]}
18. a4 {[%clk 00:32:17]} {[%emt 00:05:07]} bxa3 {[%clk 00:29:08]} {[%emt
00:00:33]} 19. Nxa3 {[%clk 00:30:22]} {[%emt 00:02:26]} Qxb2 {[%clk 00:27:30]}
{[%emt 00:02:06]} 20. Qb3 {[%clk 00:28:15]} {[%emt 00:02:37]} Qf6 {[%clk
00:26:52]} {[%emt 00:01:09]} 21. Qd3 {[%clk 00:22:49]} {[%emt 00:05:55]} Nf4
{[%clk 00:23:40]} {[%emt 00:03:44]} 22. Qf3 {[%clk 00:20:20]} {[%emt 00:02:59]}
Rc3 {[%clk 00:22:01]} {[%emt 00:02:09]} 23. Qg4 {[%clk 00:17:52]} {[%emt
00:02:57]} h5 {[%clk 00:18:44]} {[%emt 00:03:47]} 24. Qd1 {[%clk 00:15:53]}
{[%emt 00:02:29]} Qg5 {[%clk 00:17:09]} {[%emt 00:02:05]} 25. g3 {[%clk
00:15:54]} {[%emt 00:00:29]} h4 {[%clk 00:15:37]} {[%emt 00:02:02]} 26. Kh1
{[%clk 00:16:05]} {[%emt 00:00:18]} hxg3 {[%clk 00:12:09]} {[%emt 00:03:59]}
27. fxg3 {[%clk 00:15:50]} {[%emt 00:00:45]} Nh5 {[%clk 00:12:14]} {[%emt
00:00:25]} 28. Qc1 {[%clk 00:14:24]} {[%emt 00:01:56]} Nxg3+ {[%clk 00:11:27]}
{[%emt 00:01:18]} 29. hxg3 {[%clk 00:13:52]} {[%emt 00:01:01]} Qxg3 {[%clk
00:11:48]} {[%emt 00:00:09]} 30. Qd2 {[%clk 00:13:20]} {[%emt 00:01:02]} Qh4+
{[%clk 00:12:12]} {[%emt 00:00:07]} 31. Qh2 {[%clk 00:12:42]} {[%emt 00:01:08]}
Rh3 {[%clk 00:12:30]} {[%emt 00:00:11]} 32. Qxh3 {[%clk 00:12:54]} {[%emt
00:00:19]} Qxh3+ {[%clk 00:12:56]} {[%emt 00:00:04]} 0-1

[Event "DVM U16w 2023"]
[Site "Magdeburg GER"]
[Date "2023.12.29"]
[Round "5"]
[White "Krasikova, Milana"]
[Black "Fetahovic, Maida"]
[Result "1-0"]
[Termination "normal"]
[Board "5.3"]
[WhiteElo "1290"]
[BlackElo "1038"]
[WhiteClock "00:35:00"]
[BlackClock "01:00:56"]
[WhiteTeam "Hamburger SK 1830"]
[BlackTeam "SG Solingen"]
[PlyCount "39"]
[WhiteFideId "16287347"]
[BlackFideId "34611932"]
[EventCountry "GER"]
[EventRounds "7"]
[EventType "team-swiss"]
[EventDate "2023.12.26"]

1. e4 {[%clk 01:30:58]} {[%emt 00:00:02]} c6 {[%clk 01:30:46]} {[%emt
00:00:15]} 2. d4 {[%clk 01:31:19]} {[%emt 00:00:09]} d5 {[%clk 01:31:11]}
{[%emt 00:00:05]} 3. f3 {[%clk 01:31:37]} {[%emt 00:00:12]} dxe4 {[%clk
01:30:49]} {[%emt 00:00:52]} 4. fxe4 {[%clk 01:31:23]} {[%emt 00:00:43]} e5
{[%clk 01:30:05]} {[%emt 00:01:14]} 5. Nf3 {[%clk 01:29:48]} {[%emt 00:02:05]}
Bg4 {[%clk 01:27:49]} {[%emt 00:02:46]} 6. Bc4 {[%clk 01:20:40]} {[%emt
00:09:38]} h6 {[%clk 01:25:25]} {[%emt 00:02:55]} 7. O-O {[%clk 01:16:49]}
{[%emt 00:04:21]} Nf6 {[%clk 01:25:05]} {[%emt 00:00:50]} 8. Qd3 {[%clk
01:07:33]} {[%emt 00:09:44]} Bxf3 {[%clk 01:21:44]} {[%emt 00:03:51]} 9. Rxf3
{[%clk 01:05:00]} {[%emt 00:03:04]} Qxd4+ {[%clk 01:22:05]} {[%emt 00:00:09]}
10. Qxd4 {[%clk 01:04:24]} {[%emt 00:01:06]} exd4 {[%clk 01:22:15]} {[%emt
00:00:20]} 11. c3 {[%clk 00:58:23]} {[%emt 00:06:32]} Bc5 {[%clk 01:21:24]}
{[%emt 00:01:21]} 12. Kh1 {[%clk 00:57:09]} {[%emt 00:01:44]} O-O {[%clk
01:20:56]} {[%emt 00:00:58]} 13. Bxh6 {[%clk 00:45:03]} {[%emt 00:12:36]} Nxe4
{[%clk 01:14:37]} {[%emt 00:06:48]} 14. Nd2 {[%clk 00:37:46]} {[%emt 00:07:47]}
Nxd2 {[%clk 01:10:14]} {[%emt 00:04:54]} 15. Bxd2 {[%clk 00:37:49]} {[%emt
00:00:27]} dxc3 {[%clk 01:10:02]} {[%emt 00:00:42]} 16. Bxc3 {[%clk 00:37:20]}
{[%emt 00:00:58]} Nd7 {[%clk 01:10:00]} {[%emt 00:00:32]} 17. Rg3 {[%clk
00:35:38]} {[%emt 00:02:13]} Rfd8 {[%clk 01:00:16]} {[%emt 00:10:13]} 18. Rxg7+
{[%clk 00:34:53]} {[%emt 00:01:15]} Kf8 {[%clk 01:00:34]} {[%emt 00:00:11]} 19.
Rxf7+ {[%clk 00:35:01]} {[%emt 00:00:23]} Ke8 {[%clk 01:00:56]} {[%emt
00:00:08]} 20. Re1+ {[%clk 00:35:00]} {[%emt 00:00:31]} 1-0